Statistics for Most Guessed US State Capitals

Click here to take the quiz!

General Stats

  • This quiz has been taken 12,852 times
    (12,821 since last reset)
  • The average score is 6 of 10

Answer Stats

% capital % Correct
86Sacramento
88%
77Austin
82%
75Albany
74%
78Boston
70%
79Atlanta
64%
79Phoenix
62%
76Tallahassee
58%
82Denver
54%
81Honolulu
44%
73Juneau
32%

Score Distribution

Percentile by Number Answered

Percent of People with Each Score

Your Score History

You have not taken this quiz since the last reset